000 00213 a2200097 4500
001 50287
100 _aBetts Richards K
245 _aSurprise Attack
260 _aLahore
_bPAF Book Club
_c
090 _c32221
_d32221
942 _aNUST-CAE
_cM
_c24694
999 _c285360
_d285360